Prehľad peňažných tokov v podnikateľskej účtovnej jednotke bakalárska práca

Na minha lista:
Detalhes bibliográficos
Autor principal: Kušnírová, Dana
Autor Corporativo: Fakulta hospodárskej informatiky EU. Katedra účtovníctva a audítorstva
Outros Autores: Szászová, Renáta
Formato: Livro
Idioma:eslovaco
Publicado em: Bratislava 2010
Tags: Adicionar Tag
Sem tags, seja o primeiro a adicionar uma tag!

MARC

LEADER 00000nam$a2200000$$$4500
001 0137113
005 20240320072825.3
041 0 |a slo 
044 |a SK 
245 1 0 |a Prehľad peňažných tokov v podnikateľskej účtovnej jednotke  |b bakalárska práca  |c Dana Kušnírová ; školiteľ: Renáta Szászová 
264 1 |a Bratislava  |c 2010 
300 |a 43 s. 
100 1 |a Kušnírová, Dana 
700 1 |a Szászová, Renáta 
710 2 |a Fakulta hospodárskej informatiky EU. Katedra účtovníctva a audítorstva